000 01167nam a22002537a 4500
005 20240530110628.0
008 170110s2015 ua a g b 000 0 ara d
017 _a2014/17882
_bمصر. دار الكتب
020 _a9789773222403
040 _aEG-CaGPL
_cEG-CaGPL
082 0 4 _221
_a410\
_bإ ت
100 0 _aاسماعيل مظهر .
245 1 0 _aتجديد العربية :
_bمقالات و مثاقفات /
_cتاليف اسماعيل مظهر ؛ تحرير احمد ابراهيم الهوارى .
250 _aط.1
260 _aالقاهرة :
_bعين للدراسات و البحوث الانسانية و الاجتماعية ،
_c2015 .
300 _a155 ص ؛
_c24 سم .
490 _aمن ذاكرة النهضة : الاعمال الكاملة لاسماعيل مظهر : اللغة و المعجمات .
650 0 7 _2qrmak
_aاللغة العربية .
650 0 7 _2qrmak
_aاللغة العربية
_vمقالات و محاضرات .
650 0 7 _2qrmak
_aاللغة العربية
_xتجديد
700 0 _aاحمد ابراهيم الهوارى
_eمحرر .
942 _2ddc
_cBK
999 _c63191
_d63191